168 - Né(es) un 17 juin. - Statistiques

Statistiques générales
  • Ce quiz a été pris 16 fois
  • Le résultat moyen est 4 sur 23
Statistiques - réponses
Hint Année de naissance Réponse % Correct
Chanteuse qui se fit connaître avec le titre "Le Banana split" (1979). 1962 Lio|Vanda Maria Ribeiro Furtado Tavares de Vasconcelos
75%
Joueuse de tennis américaine aux 23 titres du Grand Chelem. 1980 Venus Williams
67%
Coureur cycliste belge aux 625 courses gagnées. Il fut surnommé "Le Cannibale" ou "L'Ogre de Tervueren". 1945 Eddy Merckx
50%
Réalisateur britannique, il reçoit, en 2006, la Palme d'or du 59e Festival de Cannes pour "Le vent se lève". 1936 Ken Loach|Kenneth Loach
42%
Réalisateur français connu pour "La vie est un long fleuve tranquille", "Tatie Danielle" et "Tanguy". 1952 Étienne Chatiliez
33%
Chanteuse d'origine canadienne connue pour son rôle comme chanteuse dans l’opéra-rock "Starmania". 1952 Fabienne Thibeault
33%
Actrice belge vue dans "Les Sous-doués en vacances", "Canicule", "Les Ripoux", "Ripoux contre ripoux", "Promotion canapé". 1957 Grace de Capitani|Maria Grazia de Capitani
25%
Compositeur français, récipiendaire du Prix de Rome (1839), connu pour avoir composé les opéras "Faust", "Roméo et Juliette". 1818 Charles Gounod
17%
Joueur de tennis chypriote, professionnel de 2003 à 2019. 1985 Márcos Baghdatís
17%
Cartographe dont la Carte de France est un des classiques du genre. 1714 César-François Cassini|Cassini de Thury|Cassini III
8%
Roi de Suède de 1697 à 1718 dont règne a été largement consacré à la grande guerre du Nord (1700-1721). 1682 Charles XII|Karl XII|Carolus Rex|Charles Tête de fer
8%
Acteur américain vu dans "Sabrina", "Vous avez un mess@ge", "Pour le pire et pour le meilleur", "Little Miss Sunshine" et la série "Les Kennedy". 1963 Greg Kinnear|Gregory Buck Kinnear
8%
Pianiste accédant à la notoriété grâce à la composition des musiques des ballets "L'Oiseau de feu" (1910) et "Petrouchka" (1911). 1882 Igor Stravinsky|Igor Fiodorovitch Stravinsky
8%
Acteur américain vu dans "Sleepers", "Narc" et "Rush". 1966 Jason Patric
8%
Réalisateur néo-zélandais qui réalisa notamment "Meurs un autre jour" et "Le Masque de l'araignée". 1950 Lee Tamahori
8%
Haut dignitaire nazi, disparu durant la bataille de Berlin, et dont le cadavre fut découvert lors de travaux de voirie à Berlin en 1972. (Un test ADN permettra son authentification ultérieure). 1900 Martin Bormann
8%
Ministre de la Culture et de la Communication de 2012 à 2014. 1973 Aurélie Filippetti
0%
Designer américain connu pour ses création immobilières iconiques parmi lesquelles la fameuse "Lounge Chair & Ottoman". 1907 Charles Eames
0%
Duc d'Aquitaine, roi d'Angleterre et seigneur d'Irlande de 1272 à 1307. 1239 Édouard Ier|Longshanks|Malleus Scottorum
0%
Biologiste français, récompensé du prix Nobel de physiologie ou médecine (1965). 1920 François Jacob
0%
Humoriste français écologiste connu pour son sketch appelé "Le digicode". 1950 Marc Jolivet
0%
Historienne médiéviste française dont les recherches ont permis de modifier la vision de la condition de la femme au Moyen-Âge. 1909 Régine Pernoud
0%
Chef d'entreprise, syndicaliste patronal. Son fils fut président du MEDEF. 1925 Yvon Gattaz
0%
Aucun quiz correspondant
Distribution des résultats
% des personnes avec chaque résultat
Percentile par nombre de réponses
Votre historique - résultats
Vous n’avez pas pris ce quiz